| 000 | 00815nam a2200193Ii 4500 | ||
|---|---|---|---|
| 003 | JO-AjNU | ||
| 008 | 230605s9999||||xx |||||||||||||| ||und|| | ||
| 040 |
_aJO-AjNU _bara _erda _cJO-AjNU |
||
| 041 | _aara | ||
| 050 | 1 | 4 | _aBP130.4.Z3.2009 |
| 100 | 3 |
_aتأليف الخوارزمي، أبي القاسم جار الله محمود بن عمر الزمخشري ؛ يوسف الحمادى، شرح وضبط ومراجعة, _eauthor _911582 |
|
| 245 | 0 | 0 | _aالكشاف عن حقائق التنزيل وعيون الأقاويل في وجوه التأويل |
| 264 | 3 | 1 | _aالقاهرة : مكتبة مصر، 1900 |
| 300 | _aج1، 517ص | ||
| 336 |
_atext _btxt _2rdacontent |
||
| 337 |
_aunmediated _bn _2rdamedia |
||
| 338 |
_avolume _bnc _2rdacarrier |
||
| 650 | 4 |
_a القرآن الكريم -- تفسير _911583 |
|
| 999 |
_aA2399 _c5967 _d5967 |
||